[Event "XI Paracin Festival 2018"]
[Site "Paracin"]
[Date "2018.07.10"]
[Round "6"]
[White "Gukesh D"]
[Black "Tan, Justin"]
[Result "0-1"]
[WhiteElo "2433"]
[BlackElo "2481"]
[Annotator "TA"]
[PlyCount "166"]
[EventDate "2018.07.06"]
[EventType "swiss"]
[EventCountry "SRB"]
[SourceTitle "playchess.com"]
[Source "ChessBase"]
[SourceQuality "1"]

{[%evp 20,166,8,-5,28,25,37,17,46,12,27,-17,0,0,0,-54,-25,-62,-7,-122,-68,-101,-122,-117,-119,-104,-101,-106,-91,-125,-125,-139,-137,-140,-133,-129,-132,-138,-141,-125,-132,-133,-132,-164,-181,-257,-105,-104,-100,-108,-100,-99,-100,-100,-98,-98,-99,-100,-96,-98,-98,-98,-99,-100,-73,-95,-95,-95,-95,-85,-85,-114,-112,-108,-108,-118,-122,-162,-168,-237,-214,-218,-208,-208,-200,-1054,-1439,-1406,-1397,-1251,-1275,-1277,-1208,-1193,-958,-752,-593,-1583,-1547,-1407,-1360,-1307,-1230,-12830,-12830,-12830,-12831,-12836,-12837,-12837,-12837,-12837,-12837,-12836,-4056,-12841,-12842,-12844,-12844,-12845,-12845,-12845,-12845,-12846,-12847,-12847,-12848,-12848,-12849,-12849,-12850,-12850,-29994,-29994,-29995,-29996,-29995,-29995,-29995,-29995,-29995,-29995,-29995,-29995,-29993,-29995,-29996,-29996,-12851]} 1. Nf3 c5 2. g3 Nc6 3. Bg2 g6 4. O-O Bg7 5. c3 e5 6. e4 d6 7. a3 Nge7 8. b4 O-O 9. d3 h6 10. Nbd2 Be6 11. Nb3 {LiveBook: 22 Games. A04: Unusual lines after 1 Nf3 and King's Indian Attack} cxb4 (11... b6 12. b5 Nb8 13. a4 Nd7 14. Nfd2 d5 15. c4 d4 16. f4 Qc7 17. f5 gxf5 18. exf5 Nxf5 19. Bxa8 {1-0 (75) Amin,B (2689)-Nepomniachtchi,I (2729) Riadh 2017}) 12. axb4 a6 13. Re1 $146 {White is slightly better.} ({Predecessor:} 13. Na5 Nxa5 14. bxa5 Nc6 15. Qa4 d5 16. Be3 Qd7 17. Rfd1 f5 {½-½ (40) Roshka,Y (2200)-Zubarev,A (2506) Mukachevo 2017}) 13... Rb8 14. Nfd2 f5 15. Nf1 Qe8 16. exf5 gxf5 17. c4 ({White should play} 17. Na5 $11) 17... Qf7 $36 {[%mdl 2048] Black has some pressure.} 18. Rb1 b5 (18... Nxb4 $6 19. Ba3 $14) (18... f4 $15) 19. c5 (19. Na5 $1 $11 Nxa5 20. bxa5) 19... Bxb3 ({But not} 19... Nxb4 20. cxd6 Nec6 21. Nc5 $11) ({Black should try} 19... Nd5 $17 {aiming for ...Nc3.} 20. Bd2 Ncxb4 21. Bxb4 Nxb4 22. cxd6 Bd5) 20. Qxb3 Qxb3 21. Rxb3 dxc5 22. bxc5 b4 23. Ne3 a5 $1 {[%cal Ba6a5,Ba5a4][%mdl 32]} 24. Nd5 a4 25. Rb1 Rfd8 26. Nxe7+ Nxe7 27. c6 {Strongly threatening c7.} Rdc8 ({Stronger than} 27... Rxd3 28. c7 $14) 28. c7 Rxc7 29. Ba3 b3 $1 30. Bd6 Rbc8 31. Bxc7 Rxc7 32. g4 (32. d4 $142) 32... Ra7 (32... fxg4 $19 {has better winning chances. White must now prevent ...Rc3.} 33. Kf1 e4 $1 {[%mdl 512]}) 33. gxf5 $17 Nxf5 34. Bd5+ Kf8 35. Bxb3 axb3 36. Rxb3 Nd4 37. Rb8+ Kf7 {Hoping for ...Nf3+.} 38. Reb1 Kg6 39. R1b6+ Kf5 40. R8b7 Ra1+ 41. Rb1 Nf3+ (41... Ne2+ {seems wilder.} 42. Kf1 Rxb1+ 43. Rxb1 Nf4 44. Rb7 Bf6) 42. Kh1 Rxb1+ 43. Rxb1 Bf6 44. Kg2 Nd4 45. Re1 Ne6 46. Rd1 Nf4+ 47. Kg3 h5 48. f3 Be7 49. Kf2 (49. Rb1 $142) 49... Bc5+ $19 50. Kf1 Bd4 51. Rd2 Kg5 52. Rd1 $2 (52. Rc2) 52... Kh4 53. Rd2 Kh3 54. Rc2 Nxd3 55. Rd2 Nf4 56. Ra2 Nd5 57. Re2 Be3 58. Ra2 {Now Ra5 and White clings on.} Bf4 59. Kg1 Ne3 60. Rb2 Nf5 61. Kh1 Nd4 62. Rf2 h4 63. Ra2 Nxf3 64. Ra3 {[#]} Kg4 $1 65. h3+ Kg3 66. Rb3 Bg5 67. Ra3 e4 {[%cal Be5e4,Be4e3][%mdl 32]} 68. Rb3 Kf2 69. Rb2+ Bd2 70. Rb1 Ne1 71. Rb8 e3 72. Rf8+ Nf3 {( -> ...e2)} 73. Rg8 e2 74. Rg2+ Ke3 75. Rxe2+ Kxe2 76. Kg2 {Black mates.} Ng5 77. Kh2 Bf4+ 78. Kg2 Be5 79. Kg1 Nxh3+ 80. Kg2 Ng5 81. Kg1 Kf3 82. Kh1 Ne4 83. Kg1 Nf2 {Precision: White = 41%, Black = 74%.} (83... h3 $142 84. Kh1 Nf2+ 85. Kg1 h2+ 86. Kf1 h1=Q#) 0-1

[Event "XI Paracin Festival 2018"]
[Site "Paracin"]
[Date "2018.07.10"]
[Round "6"]
[White "Ivic, Velimir"]
[Black "Georgiev, Kiril"]
[Result "1/2-1/2"]
[WhiteElo "2432"]
[BlackElo "2596"]
[Annotator "TA"]
[PlyCount "127"]
[EventDate "2018.07.06"]
[EventType "swiss"]
[EventCountry "SRB"]
[SourceTitle "playchess.com"]
[Source "ChessBase"]
[SourceQuality "1"]

{[%evp 24,127,0,0,0,0,0,-79,0,0,-11,0,62,-33,-58,-47,-24,-139,-11,-11,-12,-13,-16,-16,-15,-72,-47,-84,-73,-158,-106,-110,-98,-101,-96,-97,-97,-97,-92,-97,-92,-89,-94,-115,-113,-129,-91,-150,-137,-148,-85,-73,-44,-106,-35,-35,-28,-28,-28,-78,-47,-161,-58,-131,-126,-133,-102,-116,0,-5,0,0,0,0,0,0,0,0,0,0,0,-12,-2,-2,-2,-4,0,0,0,0,0,0,0,0,0,0,0,0,0,0,0,0,0,0,0,0]} 1. e4 c5 2. Nf3 d6 3. d4 Nf6 4. Nc3 cxd4 5. Nxd4 a6 6. Bg5 e6 7. f4 Qb6 8. Qd3 Qxb2 {B97: Sicilian Najdorf: Poisoned Pawn} 9. Rb1 Qa3 10. f5 Be7 11. fxe6 fxe6 12. Be2 Qa5 13. Bd2 {LiveBook: 25 Games. With the idea Qc4.} Qc7 14. g4 {Threatens to win with g5.} h6 15. Rg1 {[#]} (15. Qh3 $1 $11 Nc6 16. Nf3) 15... Nc6 (15... Bd7 $1 $17 {Black wants to play ...Nc6.} 16. g5 hxg5) (15... Bd7 16. g5 hxg5 17. Rxg5 {1-0 (59) Caruana,F (2808)-Nakamura,H (2785) Stavanger 2017 CBM 179 [Yermolinsky,A]}) 16. Nxc6 $146 ({Predecessor:} 16. g5 hxg5 17. Rxg5 {0-1 (46) Hector,J (2497)-Sagit,R (2406) Stockholm 2017}) 16... Qxc6 17. e5 Qc5 (17... dxe5 $11 18. Qg6+ Kf8) 18. Qg6+ ({Only move:} 18. Be3 $1 $14 Qxe5 19. g5 hxg5 20. Rxg5 Qxh2 21. Rxg7) 18... Kd8 $15 19. Rg3 Qxe5 20. Na4 (20. Qxg7 $11 Rg8 21. Qxh6) 20... Nd5 ({Black should try} 20... Rb8 $17 21. Bc3 Qg5 22. Qxg5 hxg5 23. Ba5+ Kd7 24. Nb6+ Ke8) 21. c4 $11 Nf4 22. Bxf4 $1 Qxf4 23. Nb6 Rb8 24. Rf3 (24. Nxc8 $11 {remains equal.} Rxc8 25. Rxb7) 24... Qg5 25. Qxg5 hxg5 26. h3 (26. Nxc8 $142 Kxc8 27. Rf7) 26... Bf6 (26... Bd7 $142 27. Nxd7 Kxd7) 27. Rd3 $17 Ke7 28. Rdb3 Bd4 {...Bxb6 is the strong threat.} 29. Nxc8+ Rhxc8 30. Rxb7+ Rxb7 31. Rxb7+ {[%mdl 4096] Endgame KRB-KRB} Kf6 32. Kd2 Bc5 33. Bd3 Rh8 34. Bf1 a5 35. a4 (35. Kd3 $142) 35... Rf8 36. Be2 Rc8 (36... Ke5 $142 {Hoping for ...Kd4.} 37. Kd3 g6) 37. Kd3 g6 38. Rb5 (38. Ke4 $15) 38... Bb4 (38... Ke5 $17 39. Rxa5 Rh8) 39. Bf3 $15 Rc7 40. Rb7 Rc5 41. Rd7 Ke5 42. Rg7 (42. Bb7 $1 $15) 42... Kf4 ({Black should play} 42... d5 $19 43. cxd5 Rc3+ 44. Ke2 exd5) 43. Rf7+ (43. Bb7 $15) 43... Kg3 $17 44. Rf6 Re5 45. Bc6 Rc5 (45... Kxh3 $17 {White must now prevent ...Re1.} 46. Rxg6 Kxg4) 46. Bd7 {The position is equal.} Kxh3 47. Bxe6 Re5 48. Rxg6 Bc5 49. Bf5 Re3+ 50. Kd2 Ra3 51. Bd7 Kg3 52. Rf6 Bb4+ 53. Ke2 Rc3 54. Rf5 Kh4 55. Be6 Bc5 56. Rf3 Rc2+ 57. Kd3 Ra2 58. Bd7 Rb2 59. Ke4 Rb7 60. Rf7 Kg3 61. Rf3+ Kh4 62. Rf7 Kg3 63. Rf3+ Kh4 64. Rf7 {Precision: White = 51%, Black = 48%.} 1/2-1/2

[Event "XI Paracin Festival 2018"]
[Site "Paracin"]
[Date "2018.07.10"]
[Round "6"]
[White "Lajthajm, Borko"]
[Black "Marjanovic, Annamaria"]
[Result "0-1"]
[WhiteElo "2422"]
[BlackElo "2325"]
[Annotator "NA"]
[PlyCount "88"]
[EventDate "2018.07.06"]
[EventType "swiss"]
[EventCountry "SRB"]
[SourceTitle "playchess.com"]
[Source "ChessBase"]
[SourceQuality "1"]
[TimeControl "5400+30"]

1. Nf3 {[%emt 0:00:00]} d5 {[%emt 0:00:00]} 2. g3 {[%emt 0:00:00]} Bg4 {[%emt 0:00:00]} 3. Bg2 {[%emt 0:00:00]} Nd7 {[%emt 0:00:07]} 4. c4 {[%emt 0:00:40]} e6 {[%emt 0:00:56]} 5. cxd5 {[%emt 0:00:53]} exd5 {[%emt 0:00:12]} 6. Qa4 {[%emt 0:00:19]} Ngf6 {[%emt 0:04:27]} 7. Nc3 {[%emt 0:02:01]} c6 {[%emt 0:02:50]} 8. d4 {[%emt 0:00:12]} Bd6 {[%emt 0:01:19]} 9. Nh4 {[%emt 0:02:40]} Nb6 {[%emt 0:05:02]} 10. Qc2 {[%emt 0:00:43]} Qd7 {[%emt 0:02:35]} 11. O-O {[%emt 0:05:39]} O-O {[%emt 0:03:14]} 12. Bg5 {[%emt 0:00:59]} Be7 {[%emt 0:00:34]} 13. Rad1 {[%emt 0:02:32]} h6 {[%emt 0:01:09]} 14. Bc1 {[%emt 0:00:21]} Ne8 {[%emt 0:05:29]} 15. Nf3 {[%emt 0:04:55]} Bf5 {[%emt 0:00:48]} 16. Qb3 {[%emt 0:00:17]} Nd6 {[%emt 0:00:35]} 17. Ne5 {[%emt 0:01:05]} Qc7 {[%emt 0:02:07]} 18. g4 {[%emt 0:02:20]} Bh7 {[%emt 0:05:05]} 19. Bf4 {[%emt 0:01:32]} Qc8 {[%emt 0:01:50]} 20. f3 {[%emt 0:07:47]} Kh8 {[%emt 0:02:00]} 21. a4 {[%emt 0:02:02]} Bg5 {[%emt 0:02:56]} 22. Bxg5 {[%emt 0:06:32]} hxg5 {[%emt 0:00:05]} 23. e4 {[%emt 0:00:24]} f6 {[%emt 0:06:25]} 24. Nd3 {[%emt 0:07:24]} dxe4 {[%emt 0:01:17]} 25. Nxe4 {[%emt 0:01:45]} Bg8 {[%emt 0:08:30]} 26. Qb4 {[%emt 0:02:12]} Nxe4 {[%emt 0:01:07]} 27. fxe4 {[%emt 0:00:05]} Qxg4 {[%emt 0:02:56]} 28. Rf3 {[%emt 0:00:38]} Bf7 {[%emt 0:05:24]} 29. b3 {[%emt 0:05:27]} Rad8 {[%emt 0:04:42]} 30. Rd2 {[%emt 0:03:06]} Kg8 {[%emt 0:02:26]} 31. Rg3 {[%emt 0:03:00]} Qe6 {[%emt 0:02:14]} 32. Nc5 {[%emt 0:02:34]} Qd6 {[%emt 0:00:15]} 33. Bh3 {[%emt 0:00:27]} Nd7 {[%emt 0:02:53]} 34. Bxd7 {[%emt 0:03:00]} Rxd7 {[%emt 0:01:21]} 35. a5 {[%emt 0:00:54]} Re7 {[%emt 0:01:09]} 36. Re3 {[%emt 0:00:50]} Rd8 {[%emt 0:01:53]} 37. Rdd3 {[%emt 0:02:06]} Rde8 {[%emt 0:03:24]} 38. Qe1 {[%emt 0:04:42]} Bg6 {[%emt 0:01:02]} 39. Qb4 {[%emt 0:10:40]} Bxe4 {[%emt 0:00:54]} 40. Rd1 {[%emt 0:01:37]} Bd5 {[%emt 0:00:40]} 41. Rg3 {[%emt 0:03:39]} b6 {[%emt 0:08:04]} 42. axb6 {[%emt 0:00:10]} axb6 {[%emt 0:00:05]} 43. Nd3 {[%emt 0:00:03]} Qe6 {[%emt 0:00:38]} 44. Re1 {[%emt 0:00:21]} Qxe1+ {[%emt 0:00:51]} 0-1

[Event "XI Paracin Festival 2018"]
[Site "Paracin"]
[Date "2018.07.10"]
[Round "6"]
[White "Djordjevic, Vuk"]
[Black "Bratkovic, Jakob"]
[Result "1/2-1/2"]
[WhiteElo "2403"]
[BlackElo "2253"]
[Annotator "NA"]
[PlyCount "107"]
[EventDate "2018.07.06"]
[EventType "swiss"]
[EventCountry "SRB"]
[SourceTitle "playchess.com"]
[Source "ChessBase"]
[SourceQuality "1"]
[TimeControl "5400+30"]

1. e4 {[%emt 0:00:00]} c5 {[%emt 0:01:54]} 2. Nf3 {[%emt 0:00:00]} Nc6 {[%emt 0:00:05]} 3. Bb5 {[%emt 0:00:00]} d6 {[%emt 0:00:11]} 4. O-O {[%emt 0:01:25]} Bd7 {[%emt 0:00:06]} 5. Re1 {[%emt 0:02:37]} a6 {[%emt 0:00:36]} 6. Bf1 {[%emt 0:00:15]} Bg4 {[%emt 0:00:11]} 7. c3 {[%emt 0:02:57]} e5 {[%emt 0:10:50]} 8. h3 {[%emt 0:16:15]} Bxf3 {[%emt 0:00:29]} 9. Qxf3 {[%emt 0:00:09]} Be7 {[%emt 0:03:24]} 10. Na3 {[%emt 0:03:55]} Nf6 {[%emt 0:04:23]} 11. Nc4 {[%emt 0:00:08]} O-O {[%emt 0:00:56]} 12. Ne3 {[%emt 0:03:15]} Re8 {[%emt 0:03:00]} 13. a4 {[%emt 0:14:23]} Na5 {[%emt 0:13:56]} 14. Ra3 {[%emt 0:03:00]} Bf8 {[%emt 0:01:52]} 15. Nd5 {[%emt 0:08:29]} Nxd5 {[%emt 0:04:01]} 16. exd5 {[%emt 0:00:05]} c4 {[%emt 0:00:32]} 17. d3 {[%emt 0:07:20]} Qc7 {[%emt 0:09:44]} 18. dxc4 {[%emt 0:01:51]} Nxc4 {[%emt 0:01:03]} 19. Ra2 {[%emt 0:04:55]} g6 {[%emt 0:08:06]} 20. b3 {[%emt 0:03:33]} Nb6 {[%emt 0:00:13]} 21. a5 {[%emt 0:02:54]} Nd7 {[%emt 0:00:14]} 22. c4 {[%emt 0:01:30]} f5 {[%emt 0:03:32]} 23. b4 {[%emt 0:01:28]} e4 {[%emt 0:03:55]} 24. Qg3 {[%emt 0:11:15]} Ne5 {[%emt 0:01:28]} 25. Kh1 {[%emt 0:04:39]} Nd3 {[%emt 0:02:13]} 26. Rd1 {[%emt 0:00:27]} Qxc4 {[%emt 0:01:47]} 27. Rad2 {[%emt 0:01:13]} Qxb4 {[%emt 0:05:31]} 28. Bxd3 {[%emt 0:01:13]} exd3 {[%emt 0:00:21]} 29. Qxd3 {[%emt 0:02:01]} Qxa5 {[%emt 0:02:01]} 30. Bb2 {[%emt 0:00:47]} Bg7 {[%emt 0:00:26]} 31. Ba3 {[%emt 0:00:14]} Be5 {[%emt 0:01:42]} 32. Qb3 {[%emt 0:01:16]} Bf4 {[%emt 0:01:51]} 33. Bb4 {[%emt 0:00:56]} Qb5 {[%emt 0:00:07]} 34. Rd3 {[%emt 0:00:24]} Re4 {[%emt 0:01:11]} 35. Ba3 {[%emt 0:00:19]} Qd7 {[%emt 0:03:40]} 36. Qb6 {[%emt 0:01:44]} Rae8 {[%emt 0:02:17]} 37. g3 {[%emt 0:00:51]} Re1+ {[%emt 0:00:25]} 38. Rxe1 {[%emt 0:00:19]} Rxe1+ {[%emt 0:00:06]} 39. Kg2 {[%emt 0:00:53]} Be5 {[%emt 0:01:53]} 40. Bb4 {[%emt 0:00:31]} Rb1 {[%emt 0:00:44]} 41. Qa5 {[%emt 0:00:22]} b5 {[%emt 0:02:52]} 42. Bd2 {[%emt 0:00:37]} Qc8 {[%emt 0:03:33]} 43. Bg5 {[%emt 0:00:33]} b4 {[%emt 0:00:43]} 44. Qb6 {[%emt 0:00:20]} a5 {[%emt 0:01:16]} 45. Rd2 {[%emt 0:00:34]} b3 {[%emt 0:00:36]} 46. f4 {[%emt 0:00:34]} Bc3 {[%emt 0:01:07]} 47. Re2 {[%emt 0:00:26]} a4 {[%emt 0:00:48]} 48. Qb5 {[%emt 0:00:24]} Re1 {[%emt 0:00:17]} 49. Re6 {[%emt 0:00:42]} Qa8 {[%emt 0:01:18]} 50. Kh2 {[%emt 0:00:30]} Rxe6 {[%emt 0:00:44]} 51. dxe6 {[%emt 0:00:03]} b2 {[%emt 0:00:03]} 52. Qd7 {[%emt 0:00:34]} Qh1+ {[%emt 0:00:29]} 53. Kxh1 {[%emt 0:00:01]} b1=Q+ {[%emt 0:00:04]} 54. Kh2 {[%emt 0:00:29]} 1/2-1/2

[Event "XI Paracin Festival 2018"]
[Site "Paracin"]
[Date "2018.07.10"]
[Round "6"]
[White "McPhillips, Joseph"]
[Black "Uzumcu, Ahmet Utku"]
[Result "1-0"]
[WhiteElo "2402"]
[BlackElo "2261"]
[Annotator "NA"]
[PlyCount "77"]
[EventDate "2018.07.06"]
[EventType "swiss"]
[EventCountry "SRB"]
[SourceTitle "playchess.com"]
[Source "ChessBase"]
[SourceQuality "1"]
[TimeControl "5400+30"]

1. b4 {[%emt 0:05:30]} Nf6 {[%emt 0:00:12]} 2. Bb2 {[%emt 0:00:07]} e6 {[%emt 0:00:39]} 3. a3 {[%emt 0:05:23]} d5 {[%emt 0:00:26]} 4. e3 {[%emt 0:01:24]} c6 {[%emt 0:01:26]} 5. f4 {[%emt 0:02:48]} Nbd7 {[%emt 0:00:42]} 6. Nf3 {[%emt 0:00:32]} Bd6 {[%emt 0:00:52]} 7. c4 {[%emt 0:03:20]} O-O {[%emt 0:03:57]} 8. Be2 {[%emt 0:05:03]} a5 {[%emt 0:15:12]} 9. b5 {[%emt 0:19:19]} Re8 {[%emt 0:15:52]} 10. O-O {[%emt 0:04:15]} c5 {[%emt 0:07:06]} 11. Ne5 {[%emt 0:01:14]} Nb6 {[%emt 0:11:25]} 12. d3 {[%emt 0:02:57]} Nfd7 {[%emt 0:05:10]} 13. Nd2 {[%emt 0:02:56]} f6 {[%emt 0:08:43]} 14. Nef3 {[%emt 0:01:28]} d4 {[%emt 0:04:20]} 15. Ne4 {[%emt 0:01:42]} Qc7 {[%emt 0:01:33]} 16. Nxd6 {[%emt 0:01:45]} Qxd6 {[%emt 0:00:04]} 17. exd4 {[%emt 0:00:19]} Qxf4 {[%emt 0:01:48]} 18. dxc5 {[%emt 0:03:19]} Nxc5 {[%emt 0:02:28]} 19. Kh1 {[%emt 0:00:03]} Qc7 {[%emt 0:01:06]} 20. Rc1 {[%emt 0:03:18]} e5 {[%emt 0:04:13]} 21. d4 {[%emt 0:00:02]} exd4 {[%emt 0:00:54]} 22. Nxd4 {[%emt 0:00:12]} Bd7 {[%emt 0:01:58]} 23. Bh5 {[%emt 0:03:41]} Rf8 {[%emt 0:01:16]} 24. Ba1 {[%emt 0:06:48]} Rad8 {[%emt 0:01:43]} 25. Qe2 {[%emt 0:01:13]} Bc8 {[%emt 0:02:58]} 26. Rce1 {[%emt 0:01:29]} a4 {[%emt 0:03:02]} 27. Bc3 {[%emt 0:00:35]} Rd6 {[%emt 0:01:39]} 28. Rf3 {[%emt 0:03:38]} Be6 {[%emt 0:01:19]} 29. Rg3 {[%emt 0:02:25]} Bxc4 {[%emt 0:01:16]} 30. Qc2 {[%emt 0:00:59]} Bd3 {[%emt 0:00:35]} 31. Rxd3 {[%emt 0:02:06]} Nxd3 {[%emt 0:00:02]} 32. Qxd3 {[%emt 0:00:04]} Qc4 {[%emt 0:00:55]} 33. Qxc4+ {[%emt 0:04:58]} Nxc4 {[%emt 0:00:02]} 34. Bb4 {[%emt 0:00:15]} Rxd4 {[%emt 0:00:46]} 35. Bxf8 {[%emt 0:00:03]} g6 {[%emt 0:01:11]} 36. Bc5 {[%emt 0:00:04]} Rd5 {[%emt 0:00:20]} 37. Be2 {[%emt 0:00:07]} Ne5 {[%emt 0:00:27]} 38. Bb4 {[%emt 0:00:34]} Kf7 {[%emt 0:00:14]} 39. h3 {[%emt 0:00:45]} 1-0

[Event "XI Paracin Festival 2018"]
[Site "Paracin"]
[Date "2018.07.10"]
[Round "6"]
[White "Rahul Srivatshav P"]
[Black "Savic, Miodrag R"]
[Result "0-1"]
[WhiteElo "2397"]
[BlackElo "2541"]
[Annotator "ChessBase"]
[PlyCount "74"]
[EventDate "2018.07.06"]
[EventType "swiss"]
[EventCountry "SRB"]
[SourceTitle "playchess.com"]
[Source "ChessBase"]
[SourceQuality "1"]
[TimeControl "5400+30"]

1. d4 {[%emt 0:00:55]} Nf6 {[%emt 0:00:00]} 2. c4 {[%emt 0:01:11]} e6 {[%emt 0:00:00]} 3. g3 {[%emt 0:00:02]} Nc6 {[%emt 0:04:44]} 4. Bg2 {[%emt 0:01:24]} Bb4+ {[%emt 0:00:20]} 5. Bd2 {[%emt 0:00:19]} a5 {[%emt 0:06:11]} 6. Nf3 {[%emt 0:04:45]} d5 {[%emt 0:06:26]} 7. Qc2 {[%emt 0:00:40]} O-O {[%emt 0:05:43]} 8. O-O {[%emt 0:00:33]} h6 {[%emt 0:02:22]} 9. a3 {[%emt 0:06:59]} Be7 {[%emt 0:10:18]} 10. e3 {[%emt 0:09:09]} Ne4 {[%emt 0:03:39]} 11. Nc3 {[%emt 0:06:04]} Nxc3 {[%emt 0:13:52]} 12. Qxc3 {[%emt 0:05:22]} a4 {[%emt 0:00:45]} 13. Rac1 {[%emt 0:08:05]} Bd7 {[%emt 0:02:46]} 14. cxd5 {[%emt 0:05:18]} exd5 {[%emt 0:00:01]} 15. Ne1 {[%emt 0:03:06]} Na5 {[%emt 0:03:25]} 16. Qxc7 {[%emt 0:05:19]} Nb3 {[%emt 0:00:36]} 17. Qxd8 {[%emt 0:03:51]} Rfxd8 {[%emt 0:00:02]} 18. Rd1 {[%emt 0:00:24]} Bb5 {[%emt 0:00:09]} 19. Bc3 {[%emt 0:00:43]} Bxf1 {[%emt 0:02:17]} 20. Kxf1 {[%emt 0:00:14]} Rac8 {[%emt 0:00:13]} 21. Nc2 {[%emt 0:02:34]} f5 {[%emt 0:05:38]} 22. Ke2 {[%emt 0:00:57]} Kf7 {[%emt 0:00:18]} 23. f4 {[%emt 0:06:59]} Ke6 {[%emt 0:00:19]} 24. Kf3 {[%emt 0:04:21]} Rd6 {[%emt 0:10:35]} 25. Bf1 {[%emt 0:01:45]} Rb6 {[%emt 0:00:08]} 26. Bd3 {[%emt 0:02:39]} g5 {[%emt 0:00:21]} 27. h3 {[%emt 0:00:33]} h5 {[%emt 0:05:14]} 28. Rh1 {[%emt 0:03:07]} Rg8 {[%emt 0:02:14]} 29. Rg1 {[%emt 0:04:01]} g4+ {[%emt 0:00:27]} 30. hxg4 {[%emt 0:00:51]} hxg4+ {[%emt 0:00:32]} 31. Kg2 {[%emt 0:00:17]} Rh8 {[%emt 0:00:02]} 32. Rd1 {[%emt 0:02:11]} Rh5 {[%emt 0:00:25]} 33. Rb1 {[%emt 0:01:15]} Kf7 {[%emt 0:00:58]} 34. Rh1 {[%emt 0:00:06]} Rxh1 {[%emt 0:00:15]} 35. Kxh1 {[%emt 0:00:11]} Ke6 {[%emt 0:00:03]} 36. Bb4 {[%emt 0:04:04]} Nc1 {[%emt 0:00:54]} 37. Bf1 {[%emt 0:00:15]} Na2 {[%emt 0:01:17]} 0-1

[Event "XI Paracin Festival 2018"]
[Site "Paracin"]
[Date "2018.07.10"]
[Round "6"]
[White "Atakisi, Umut"]
[Black "Ivic, Matija"]
[Result "1/2-1/2"]
[WhiteElo "2390"]
[BlackElo "2245"]
[Annotator "NA"]
[PlyCount "58"]
[EventDate "2018.07.06"]
[EventType "swiss"]
[EventCountry "SRB"]
[SourceTitle "playchess.com"]
[Source "ChessBase"]
[SourceQuality "1"]
[TimeControl "5400+30"]

1. e4 {[%emt 0:07:44]} c5 {[%emt 0:00:55]} 2. Nf3 {[%emt 0:00:04]} g6 {[%emt 0:00:07]} 3. d4 {[%emt 0:02:45]} cxd4 {[%emt 0:00:04]} 4. Qxd4 {[%emt 0:00:03]} Nf6 {[%emt 0:00:06]} 5. Nc3 {[%emt 0:00:10]} Nc6 {[%emt 0:00:18]} 6. Qa4 {[%emt 0:00:09]} d6 {[%emt 0:00:19]} 7. e5 {[%emt 0:00:14]} dxe5 {[%emt 0:00:04]} 8. Nxe5 {[%emt 0:00:05]} Bg7 {[%emt 0:00:04]} 9. Bb5 {[%emt 0:06:20]} O-O {[%emt 0:00:26]} 10. Nxc6 {[%emt 0:01:10]} bxc6 {[%emt 0:00:05]} 11. Bxc6 {[%emt 0:00:13]} Rb8 {[%emt 0:00:43]} 12. O-O {[%emt 0:02:35]} Qc7 {[%emt 0:00:55]} 13. Bf4 {[%emt 0:10:15]} e5 {[%emt 0:00:30]} 14. Bg5 {[%emt 0:00:19]} Rxb2 {[%emt 0:02:47]} 15. Bxf6 {[%emt 0:03:18]} Bxf6 {[%emt 0:01:12]} 16. Nd5 {[%emt 0:00:41]} Qd6 {[%emt 0:00:09]} 17. Nxf6+ {[%emt 0:00:35]} Qxf6 {[%emt 0:00:06]} 18. Bd5 {[%emt 0:00:51]} Qa6 {[%emt 0:06:00]} 19. Qxa6 {[%emt 0:10:12]} Bxa6 {[%emt 0:00:09]} 20. Rfe1 {[%emt 0:05:32]} Rxc2 {[%emt 0:01:27]} 21. Rxe5 {[%emt 0:00:28]} Rfc8 {[%emt 0:04:16]} 22. Bb3 {[%emt 0:02:28]} Rc1+ {[%emt 0:00:22]} 23. Re1 {[%emt 0:00:03]} Rxa1 {[%emt 0:00:16]} 24. Rxa1 {[%emt 0:00:07]} Rc3 {[%emt 0:00:20]} 25. h3 {[%emt 0:01:50]} Bc4 {[%emt 0:00:22]} 26. Rb1 {[%emt 0:00:19]} Bxb3 {[%emt 0:01:40]} 27. axb3 {[%emt 0:00:11]} a5 {[%emt 0:01:26]} 28. Ra1 {[%emt 0:00:07]} Rxb3 {[%emt 0:00:07]} 29. Rxa5 {[%emt 0:00:03]} Kg7 {[%emt 0:00:59]} 1/2-1/2

[Event "XI Paracin Festival 2018"]
[Site "Paracin"]
[Date "2018.07.10"]
[Round "6"]
[White "Brankovic, Dejan"]
[Black "Vujacic, Borivoje"]
[Result "1/2-1/2"]
[WhiteElo "2377"]
[BlackElo "2213"]
[Annotator "NA"]
[PlyCount "65"]
[EventDate "2018.07.06"]
[EventType "swiss"]
[EventCountry "SRB"]
[SourceTitle "playchess.com"]
[Source "ChessBase"]
[SourceQuality "1"]
[TimeControl "5400+30"]

1. e4 {[%emt 0:00:00]} c5 {[%emt 0:00:00]} 2. Nf3 {[%emt 0:00:00]} Nc6 {[%emt 0:00:00]} 3. Bb5 {[%emt 0:00:39]} d6 {[%emt 0:00:48]} 4. O-O {[%emt 0:01:02]} Bd7 {[%emt 0:00:24]} 5. Re1 {[%emt 0:05:53]} a6 {[%emt 0:01:10]} 6. Bxc6 {[%emt 0:00:41]} Bxc6 {[%emt 0:00:10]} 7. d4 {[%emt 0:00:21]} cxd4 {[%emt 0:04:48]} 8. Qxd4 {[%emt 0:09:08]} e5 {[%emt 0:01:42]} 9. Qd3 {[%emt 0:01:54]} h6 {[%emt 0:00:15]} 10. c4 {[%emt 0:06:14]} Nf6 {[%emt 0:01:47]} 11. Nc3 {[%emt 0:00:09]} Be7 {[%emt 0:00:42]} 12. Nh4 {[%emt 0:03:01]} Bd7 {[%emt 0:08:38]} 13. b3 {[%emt 0:05:22]} O-O {[%emt 0:02:25]} 14. Nf5 {[%emt 0:08:07]} Bxf5 {[%emt 0:01:28]} 15. exf5 {[%emt 0:00:03]} Qd7 {[%emt 0:13:10]} 16. a4 {[%emt 0:18:21]} Rfe8 {[%emt 0:05:50]} 17. Bb2 {[%emt 0:09:27]} Bd8 {[%emt 0:05:30]} 18. a5 {[%emt 0:08:38]} Rc8 {[%emt 0:03:47]} 19. h3 {[%emt 0:02:51]} Rc6 {[%emt 0:04:21]} 20. g4 {[%emt 0:01:07]} b6 {[%emt 0:00:53]} 21. Nd5 {[%emt 0:02:56]} Nxd5 {[%emt 0:05:56]} 22. Qxd5 {[%emt 0:01:28]} Rc5 {[%emt 0:01:19]} 23. Qd3 {[%emt 0:00:13]} b5 {[%emt 0:04:32]} 24. Ba3 {[%emt 0:04:31]} bxc4 {[%emt 0:03:06]} 25. bxc4 {[%emt 0:00:05]} Rc6 {[%emt 0:01:53]} 26. Qd5 {[%emt 0:01:27]} Qc8 {[%emt 0:07:02]} 27. Rac1 {[%emt 0:01:40]} Bg5 {[%emt 0:02:44]} 28. Rc3 {[%emt 0:00:10]} Qc7 {[%emt 0:00:46]} 29. Re4 Rc8 {[%emt 0:01:40]} 30. Rd3 {[%emt 0:02:23]} Rxc4 31. Bxd6 Rc1+ 32. Kg2 Qc2 33. Rb4 1/2-1/2